Hrnčiarsky bál

Bibliographic Details
Main Author: Braxatoris, Pavol, 1909-1980 (Author)
Format: Book
Language:Slovak
PhysicalDescription:81 s.
Published: [Slovensko] [vydavateľ nie je známy] [1960]
Subjects:

MARC

LEADER 00000nam a2200000 a 4500
001 vtls001367761
003 SK-MaSNL
005 20260301161047.0
008 160216s1960 xo 0 slo
035 |a SNK000321451 
040 |a SNK  |b slo  |c SNK  |e AACR2 
041 0 |a slo 
044 |a xo  |c SK 
072 7 |a 792  |x Divadlo. Divadelné predstavenia  |2 konspekt 
080 |a 782.8  |2 2011 
080 |a (083.97)  |2 2011 
100 1 |a Braxatoris, Pavol,  |d 1909-1980  |4 aut  |9 111896 
245 1 0 |a Hrnčiarsky bál  |c libreto napísal dr. Pavol Braxatoris 
260 |a [Slovensko]  |b [vydavateľ nie je známy]  |c [1960] 
300 |a 81 s. 
648 7 |a 1960-1961  |2 SNKPH  |9 398815 
650 0 7 |a operety  |2 SNKPH  |9 3217 
655 7 |a výbery  |2 SNKPH  |9 67620 
958 |a OND 
999 |c 807939  |d 809869 
952 |a SNK  |b SNK  |y VYP  |7 0  |p 17A0664557  |o snkSB 14801 D1  |i snk2010/13610  |8 5  |z xerokópia  |0 0  |1 0  |4 0  |d 2010-06-22  |l 0  |r 2026-02-24 02:27:02  |w 2026-02-24 
952 |t P60, <03>, [BOOK], {603}  |a SNK  |b SNK  |y PREZ  |7 0  |p 17A0199301  |o snkSB 14801  |0 0  |1 0  |4 0  |d 1999-07-12  |l 0  |r 2025-03-14 00:00:00  |w 2026-02-24